[Event "CEH-ch Releve II"]
[Site "Gatineau"]
[Date "2015.04.28"]
[Round "4"]
[White "Gaudreau, Louis"]
[Black "Potvin, Daniel"]
[Result "1-0"]
[WhiteElo "1223"]
[BlackElo "1544"]
[PlyCount "47"]
[EventDate "2015.04.07"]
[EventType "swiss"]
[EventRounds "6"]
[EventCountry "CAN"]
[SourceTitle "EXT 2016"]
[Source "ChessBase"]
[SourceDate "2015.10.08"]
[SourceVersion "1"]
[SourceVersionDate "2015.10.08"]
[SourceQuality "1"]

1. d4 g6 2. c4 Bg7 3. Nf3 b6 4. e3 Bb7 5. Nbd2 Nf6 6. Bd3 0-0 7. 0-0 d6 8. Qc2 Nbd7 9. b3 c5 10. Bb2 cxd4 11. exd4 Rc8 12. d5 Nxd5 13. Bxg7 Nb4 14. Qc3 Nxd3 15. Bxf8 Qxf8 16. Qxd3 Nc5 17. Qe3 Ne6 18. Rfe1 Re8 19. Rad1 Qg7 20. Ne4 h6 21. Nd4 Bxe4 22. Nxe6 fxe6 23. Qxe4 e5 24. Re3 1-0

[Event "CEH-ch Releve II"]
[Site "Gatineau"]
[Date "2015.04.21"]
[Round "3"]
[White "Potvin, Daniel"]
[Black "Lemieux, Denis"]
[Result "1/2-1/2"]
[WhiteElo "1544"]
[BlackElo "1461"]
[PlyCount "97"]
[EventDate "2015.04.07"]
[EventType "swiss"]
[EventRounds "6"]
[EventCountry "CAN"]
[SourceTitle "EXT 2016"]
[Source "ChessBase"]
[SourceDate "2015.10.08"]
[SourceVersion "1"]
[SourceVersionDate "2015.10.08"]
[SourceQuality "1"]

1. b3 d5 2. Bb2 c6 3. e3 e6 4. Nf3 Nf6 5. Be2 Be7 6. d3 Nbd7 7. Nbd2 a6 8. c4 0-0 9. Rc1 Qa5 10. a3 Qd8 11. 0-0 Ne8 12. e4 dxe4 13. dxe4 b6 14. b4 Bb7 15. Qc2 a5 16. Bc3 axb4 17. axb4 c5 18. b5 Qc7 19. Bd3 h6 20. Ra1 Bf6 21. Rxa8 Bxa8 22. Ra1 Bb7 23. Bxf6 Nexf6 24. Qb2 Ra8 25. h3 Qb8 26. g4 Rxa1+ 27. Qxa1 Qa8 28. Qxa8+ Bxa8 29. e5 Ne8 30. Be4 Bxe4 31. Nxe4 Kf8 32. h4 Ke7 33. g5 hxg5 34. hxg5 f6 35. gxf6+ gxf6 36. exf6+ Nexf6 37. Nc3 Ng4 38. Kg2 Kf6 39. Kg3 Nge5 40. Nd2 Kf5 41. Nce4 Nxc4 42. Kf3 Nxd2+ 43. Nxd2 Ke5 44. Ke3 Kd5 45. Kd3 Ne5+ 46. Kc3 Ng4 47. f4 Nf6 48. Nc4 Nd7 49. Kd3 1/2-1/2

[Event "Gatineau Loisirs-A"]
[Site "Gatineau"]
[Date "2014.11.11"]
[Round "4"]
[White "Potvin, Daniel"]
[Black "Jobin, Gilles G"]
[Result "0-1"]
[WhiteElo "1557"]
[BlackElo "1753"]
[PlyCount "44"]
[EventDate "2014.10.21"]
[EventType "swiss"]
[EventRounds "4"]
[EventCountry "CAN"]
[SourceTitle "EXT 2016"]
[Source "ChessBase"]
[SourceDate "2015.10.08"]
[SourceVersion "1"]
[SourceVersionDate "2015.10.08"]
[SourceQuality "1"]

1. b3 e5 2. Bb2 Nc6 3. e3 d6 4. Nf3 Bg4 5. Be2 f5 6. d4 Bxf3 7. Bxf3 e4 8. Be2 Qg5 9. 0-0 Nf6 10. Bb5 d5 11. c4 a6 12. Ba4 0-0-0 13. Bxc6 bxc6 14. Qc1 Bd6 15. h3 h5 16. cxd5 cxd5 17. Qc6 Rh6 18. Qxa6+ Kd7 19. Qb5+ Ke6 20. Ba3 Rg6 21. g4 Nxg4 22. Bxd6 Ne5+ 0-1

[Event "Gatineau Benevoles-B"]
[Site "Gatineau"]
[Date "2014.09.09"]
[Round "1"]
[White "Leon, Carlos"]
[Black "Potvin, Daniel"]
[Result "1-0"]
[WhiteElo "1753"]
[BlackElo "1565"]
[PlyCount "63"]
[EventDate "2014.09.09"]
[EventType "swiss"]
[EventRounds "5"]
[EventCountry "CAN"]
[SourceTitle "EXT 2016"]
[Source "ChessBase"]
[SourceDate "2015.10.08"]
[SourceVersion "1"]
[SourceVersionDate "2015.10.08"]
[SourceQuality "1"]

1. c4 b6 2. Nc3 Bb7 3. e4 e6 4. Nge2 Nf6 5. d3 Bb4 6. a3 Be7 7. g3 0-0 8. Bg2 d6 9. 0-0 Nc6 10. b4 e5 11. f4 Nd4 12. h3 Nd7 13. Nd5 c6 14. Nxe7+ Qxe7 15. Bb2 c5 16. Nxd4 cxd4 17. fxe5 dxe5 18. Bc1 f5 19. exf5 Bxg2 20. Kxg2 e4 21. Bb2 Qe5 22. dxe4 Qxe4+ 23. Qf3 Qc2+ 24. Rf2 Qxc4 25. Rc1 Qb5 26. Bxd4 Ne5 27. Qb3+ Kh8 28. Rc7 Rxf5 29. Rxf5 Qe2+ 30. Kg1 Qe1+ 31. Rf1 Qe4 32. Qe3 1-0

[Event "Gatineau Loisirs"]
[Site "Gatineau"]
[Date "2013.11.05"]
[Round "4"]
[White "Piche, Guy"]
[Black "Potvin, Daniel"]
[Result "1-0"]
[WhiteElo "1745"]
[BlackElo "1560"]
[PlyCount "51"]
[EventDate "2013.10.15"]
[EventType "swiss"]
[EventRounds "4"]
[EventCountry "CAN"]
[SourceTitle "EXT 2022"]
[Source "ChessBase"]
[SourceDate "2021.10.06"]
[SourceVersion "1"]
[SourceVersionDate "2021.10.06"]
[SourceQuality "1"]

1. d4 b6 2. c4 Bb7 3. Nc3 e6 4. Nf3 Bb4 5. Bd2 Nf6 6. e3 0-0 7. Bd3 Bxc3 8. Bxc3 Ne4 9. Qc2 f5 10. 0-0 Nxc3 11. bxc3 Bxf3 12. gxf3 Qg5+ 13. Kh1 Qh5 14. Qe2 Rf6 15. f4 Qh3 16. Rg1 Rg6 17. Rg3 Qh4 18. Rag1 Kf7 19. Qf3 c6 20. Rh3 Rxg1+ 21. Kxg1 Qf6 22. e4 d5 23. cxd5 fxe4 24. dxe6+ Qxe6 25. Bxe4 g6 26. d5 1-0

[Event "Gatineau Loisirs"]
[Site "Gatineau"]
[Date "2013.10.29"]
[Round "3"]
[White "Leon, Carlos Antonio"]
[Black "Potvin, Daniel"]
[Result "0-1"]
[WhiteElo "1710"]
[BlackElo "1560"]
[PlyCount "42"]
[EventDate "2013.10.15"]
[EventType "swiss"]
[EventRounds "4"]
[EventCountry "CAN"]
[SourceTitle "EXT 2022"]
[Source "ChessBase"]
[SourceDate "2021.10.06"]
[SourceVersion "1"]
[SourceVersionDate "2021.10.06"]
[SourceQuality "1"]

1. c4 b6 2. Nc3 Bb7 3. e4 e6 4. Nf3 Bb4 5. d3 Ne7 6. Bd2 d5 7. Qa4+ Nbc6 8. Ne5 0-0 9. Nxc6 Nxc6 10. cxd5 exd5 11. Nxd5 Bxd2+ 12. Kxd2 Ne5 13. Ne3 Qf6 14. f3 Rfd8 15. Be2 c5 16. Rhf1 Rd4 17. Qc2 c4 18. Qc3 Rad8 19. Nd5 R4xd5 20. exd5 Qf4+ 21. Kc2 cxd3+ 0-1

[Event "Outaouais-ch Reserve"]
[Site "Gatineau"]
[Date "2013.04.16"]
[Round "1"]
[White "Potvin, Daniel"]
[Black "Kouassi, Karen"]
[Result "1-0"]
[WhiteElo "1619"]
[BlackElo "1199"]
[PlyCount "65"]
[EventDate "2013.04.16"]
[EventType "swiss"]
[EventRounds "6"]
[EventCountry "CAN"]
[SourceTitle "EXT 2022"]
[Source "ChessBase"]
[SourceDate "2021.10.06"]
[SourceVersion "1"]
[SourceVersionDate "2021.10.06"]
[SourceQuality "1"]

1. b3 d5 2. Nf3 Nc6 3. Bb2 Qd6 4. e3 e5 5. Bb5 f6 6. Ba3 Qe6 7. Bxf8 Kxf8 8. d4 e4 9. Nfd2 a6 10. Be2 Nh6 11. 0-0 b5 12. Nc3 Kf7 13. a4 b4 14. Nxd5 g5 15. Nxc7 Qd6 16. Nxa8 g4 17. Nxe4 Qd5 18. Bc4 Qxc4 19. Nd6+ Kg6 20. Nxc4 f5 21. Nab6 Nf7 22. d5 Nce5 23. Nxe5+ Nxe5 24. Qd4 Re8 25. Nxc8 Nd7 26. Nd6 Re5 27. Nc4 Re4 28. Qa7 Nf6 29. Qxa6 Kg5 30. d6 f4 31. Qb5+ Kh4 32. exf4 h5 33. Qg5# 1-0

[Event "Gatineau Quebec Elite qual"]
[Site "Gatineau"]
[Date "2013.01.29"]
[Round "3"]
[White "Potvin, Daniel"]
[Black "Piche, Guy"]
[Result "1-0"]
[WhiteElo "1676"]
[BlackElo "1543"]
[PlyCount "87"]
[EventDate "2013.01.15"]
[EventType "swiss"]
[EventRounds "5"]
[EventCountry "CAN"]
[SourceTitle "EXT 2022"]
[Source "ChessBase"]
[SourceDate "2021.10.06"]
[SourceVersion "1"]
[SourceVersionDate "2021.10.06"]
[SourceQuality "1"]

1. e4 d6 2. Nc3 Nf6 3. d4 Nbd7 4. Nf3 e5 5. Bg5 Be7 6. Bc4 0-0 7. 0-0 c6 8. dxe5 dxe5 9. a3 Qc7 10. Qe2 Nc5 11. b4 Ne6 12. Bh4 Nf4 13. Qe1 Bg4 14. Nd2 Rad8 15. f3 Bh5 16. Ne2 Qb6+ 17. Bf2 Qc7 18. Nxf4 exf4 19. Nb3 Nd7 20. Rd1 Ne5 21. Be2 b6 22. Rxd8 Rxd8 23. Qc1 h6 24. Rd1 Bg6 25. Rxd8+ Bxd8 26. Qxf4 Bf6 27. Qe3 Be7 28. Bg3 f6 29. f4 a5 30. fxe5 fxe5 31. Qc3 axb4 32. axb4 Bd6 33. Bc4+ Kf8 34. Qf3+ Ke8 35. c3 Qe7 36. Qg4 Bh7 37. Qc8+ Qd8 38. Bf7+ Ke7 39. Qe6+ Kf8 40. Bh5 Bg8 41. Qf5+ Ke7 42. Nc1 Be6 43. Qg6 Bxb4 44. Bh4+ 1-0

[Event "Gatineau Quebec Elite qual"]
[Site "Gatineau"]
[Date "2013.01.15"]
[Round "1"]
[White "Potvin, Daniel"]
[Black "Desjardins, Michel"]
[Result "0-1"]
[WhiteElo "1676"]
[BlackElo "1911"]
[PlyCount "108"]
[EventDate "2013.01.15"]
[EventType "swiss"]
[EventRounds "5"]
[EventCountry "CAN"]
[SourceTitle "EXT 2022"]
[Source "ChessBase"]
[SourceDate "2021.10.06"]
[SourceVersion "1"]
[SourceVersionDate "2021.10.06"]
[SourceQuality "1"]

1. e4 d5 2. exd5 Qxd5 3. Nc3 Qd6 4. Nf3 Nf6 5. d4 a6 6. Be2 Bf5 7. 0-0 Nc6 8. a3 0-0-0 9. Be3 e5 10. dxe5 Nxe5 11. Qxd6 Nxf3+ 12. Bxf3 Bxd6 13. Rac1 Bg4 14. Be2 Bxe2 15. Nxe2 Ng4 16. Bf4 Rhe8 17. Bxd6 Rxd6 18. Ng3 g6 19. h3 Nf6 20. Rfd1 Red8 21. Rxd6 Rxd6 22. Kf1 Nd5 23. Ne4 Rb6 24. c4 Nf4 25. b4 h6 26. Rd1 f5 27. Nc5 Rc6 28. Rd4 g5 29. h4 b6 30. hxg5 hxg5 31. Nxa6 Ne6 32. Rd5 Rxc4 33. Rxf5 Nd4 34. Re5 Rc1+ 35. Re1 Rxe1+ 36. Kxe1 Nc2+ 37. Kd2 Nxa3 38. b5 Nxb5 39. Nb4 Kd7 40. g4 Kd6 41. Ke3 c5 42. Nd3 Nc3 43. Kd2 Nd5 44. Ke2 c4 45. Ne1 b5 46. Nf3 Nf4+ 47. Ke3 Ne6 48. Ne1 b4 49. Kd2 Kc5 50. Nc2 b3 51. Na3 Kb4 52. Nb1 Nc5 53. f3 Na4 54. Kc1 c3 0-1

[Event "Gatineau Nez Rouge"]
[Site "Gatineau"]
[Date "2012.12.11"]
[Round "4"]
[White "Potvin, Daniel"]
[Black "Arsenault, Yves"]
[Result "1-0"]
[WhiteElo "1690"]
[BlackElo "1536"]
[PlyCount "129"]
[EventDate "2012.11.20"]
[EventType "swiss"]
[EventRounds "5"]
[EventCountry "CAN"]
[SourceTitle "EXT 2022"]
[Source "ChessBase"]
[SourceDate "2021.10.06"]
[SourceVersion "1"]
[SourceVersionDate "2021.10.06"]
[SourceQuality "1"]

1. e4 c5 2. Nf3 Nc6 3. c3 e5 4. d4 cxd4 5. cxd4 exd4 6. Nxd4 Nf6 7. Nxc6 bxc6 8. Bc4 Bb4+ 9. Bd2 Qe7 10. 0-0 0-0 11. Re1 Bxd2 12. Qxd2 d6 13. Nc3 Be6 14. Bd3 Rad8 15. Qc2 Qc7 16. Be2 Nd7 17. Rad1 f5 18. Nb5 Qb8 19. Nxd6 fxe4 20. Bc4 Nc5 21. Bxe6+ Nxe6 22. Nxe4 Rxd1 23. Rxd1 Nf4 24. Nd6 Qc7 25. b3 c5 26. Qc4+ Kh8 27. Qe4 Nh5 28. Qb7 Qa5 29. a4 Nf6 30. Qe7 Kg8 31. Nb7 Qc3 32. Nxc5 Re8 33. Ne4 Rxe7 34. Nxc3 Rb7 35. Rb1 Nd7 36. b4 Kf7 37. Kf1 Ne5 38. Ke2 Rc7 39. Ne4 Ke7 40. Rb2 Rc4 41. Nd2 Rd4 42. h3 Nd3 43. Nf3 Rd6 44. Rd2 Nxb4 45. Rxd6 Kxd6 46. Kd2 a6 47. Kc3 a5 48. Kc4 Kc6 49. Nd4+ Kb6 50. Ne6 g6 51. Nf8 Nc6 52. Nxh7 Ne7 53. Nf6 Kc6 54. g4 g5 55. Ne4 Nd5 56. Nxg5 Nb6+ 57. Kb3 Kd5 58. f4 Nd7 59. Kc3 Nc5 60. f5 Ke5 61. Kc4 Nxa4 62. Kb5 Nc3+ 63. Kxa5 Ne4 64. Nh7 Kf4 65. f6 1-0